| 000 | 00636nam a22001817a 4500 | ||
|---|---|---|---|
| 005 | 20251108165155.0 | ||
| 008 | 250721s2006 xx 000 0 ara d | ||
| 082 | 1 | 4 | _a153.1/هاغ |
| 100 | 1 |
_aهاغوود، سكوت _eمؤلف |
|
| 245 | 1 | 0 | _aقوة الذاكرة : تمارين خاصة تساعدك في الحصول على الذاكرة عظيمة و قوية / |
| 264 | 1 |
_aبيروت : _bدار الكتاب العربي، _c2006. |
|
| 300 | _a199ص. | ||
| 650 | 1 | 7 | _aعلم النفس الفسيولوجي |
| 650 | 1 | 7 | _aالذاكره |
| 700 | 1 |
_aبستاني، حسان _eمترجم |
|
| 942 |
_2ddc _cBK |
||
| 999 |
_c21296 _d21296 |
||